[Event "Recife PE23 Gr A"]
[Site "Recife"]
[Date "2023.04.08"]
[Round "5"]
[White "Lima, Allan Gadelha Zaida"]
[Black "Do Nascimento, Christian Almeida"]
[Result "1-0"]
[WhiteElo "2009"]
[BlackElo "2116"]
[PlyCount "57"]
[EventDate "2023.04.06"]
[EventType "tourn"]
[EventRounds "7"]
[EventCountry "BRA"]
[SourceTitle "EXT 2024"]
[Source "ChessBase"]
[SourceDate "2023.10.10"]
[SourceVersion "1"]
[SourceVersionDate "2023.10.10"]
[SourceQuality "1"]

1. d4 d5 2. Bf4 Nf6 3. e3 g6 4. Bd3 Bg7 5. Nf3 Bg4 6. Nbd2 0-0 7. h3 Bxf3 8. Nxf3 c5 9. c3 Qb6 10. Qe2 Nc6 11. 0-0 Nh5 12. Bh2 Rfe8 13. dxc5 Qxc5 14. e4 dxe4 15. Bxe4 Rad8 16. Rfd1 h6 17. Bc2 e5 18. Bb3 Qe7 19. Qe4 Nf6 20. Qxg6 e4 21. Nh4 e3 22. fxe3 Qxe3+ 23. Kh1 Ne5 24. Bxe5 Rxd1+ 25. Rxd1 Rxe5 26. Qxf7+ Kh7 27. Bc2+ Re4 28. Qg6+ Kh8 29. Bxe4 1-0

[Event "Recife PE23 Gr A"]
[Site "Recife"]
[Date "2023.04.06"]
[Round "1"]
[White "Lima, Allan Gadelha Zaida"]
[Black "Soares, Alberto M Colares"]
[Result "0-1"]
[WhiteElo "2009"]
[BlackElo "2057"]
[PlyCount "70"]
[EventDate "2023.04.06"]
[EventType "tourn"]
[EventRounds "7"]
[EventCountry "BRA"]
[SourceTitle "EXT 2024"]
[Source "ChessBase"]
[SourceDate "2023.10.10"]
[SourceVersion "1"]
[SourceVersionDate "2023.10.10"]
[SourceQuality "1"]

1. e4 d6 2. d4 g6 3. Nc3 Bg7 4. f4 e6 5. Nf3 Ne7 6. Be3 b6 7. Bb5+ c6 8. Be2 Bb7 9. 0-0 Nd7 10. e5 d5 11. Qd2 Nf5 12. a4 a5 13. g4 Nxe3 14. Qxe3 Bf8 15. f5 Be7 16. f6 Bf8 17. Nd1 h6 18. Nf2 Qc7 19. c3 Qc8 20. Rab1 c5 21. Bb5 Bc6 22. Qe2 c4 23. b3 Bxb5 24. axb5 cxb3 25. Rxb3 a4 26. Rbb1 Qxc3 27. Rfc1 Qa5 28. Qc2 Rd8 29. Qc6 Ba3 30. Rc3 Bb4 31. Nd3 Bxc3 32. Qd6 Nxf6 33. Qc6+ Nd7 34. Nf4 0-0 35. Nxe6 Nb8 0-1

[Event "Joao Pessoa op"]
[Site "Joao Pessoa"]
[Date "2023.03.17"]
[Round "2"]
[White "Melo, Igor De Souza"]
[Black "Lima, Allan Gadelha Zaida"]
[Result "0-1"]
[WhiteElo "1763"]
[BlackElo "2024"]
[PlyCount "44"]
[EventDate "2023.03.17"]
[EventType "swiss"]
[EventRounds "6"]
[EventCountry "BRA"]
[SourceTitle "EXT 2024"]
[Source "ChessBase"]
[SourceDate "2023.10.10"]
[SourceVersion "1"]
[SourceVersionDate "2023.10.10"]
[SourceQuality "1"]

1. e4 c6 2. d4 d5 3. e5 Bf5 4. h4 h6 5. g4 Be4 6. f3 Bh7 7. e6 Qd6 8. exf7+ Kxf7 9. Bd3 Nd7 10. Bxh7 Rxh7 11. f4 Ngf6 12. Qe2 Ne4 13. Rh3 Ndf6 14. Nc3 Nxc3 15. bxc3 Qd7 16. Nf3 Kg8 17. Ne5 Qc8 18. Rg3 e6 19. Bd2 Ne4 20. Rg2 Qd8 21. Rh2 Bd6 22. 0-0-0 Ba3+ 0-1